Microsoft® Windows PowerShell™ Step By Step /

Learn Microsoft Windows PowerShell -one step at a time-with practical, hands-on instruction from Microsoft's leading scripting trainer, Ed Wilson. Work at your own pace and build practical system administration skills as you learn how to use Windows PowerShell to administer Microsoft Windows®,...

Full description

Bibliographic Details
Main Author: Wilson, Ed (Author)
Corporate Author: Safari, an O'Reilly Media Company
Format: eBook
Language:English
Published: Microsoft Press, 2007.
Edition:1st edition.
Subjects:
Online Access:Connect to this electronic resource

MARC

Tag First Indicator Second Indicator Subfields
LEADER 00000uam a2200000 a 4500
001 in00004252001
005 20260128222200.3
006 m o d
007 cr cn
008 080513s2007 xx o eng
020 |z 9780735623958 
020 |z 0735623953 
035 |a (CaSebORM)9780735623958 
040 |d UtOrBLW 
041 0 |a eng 
100 1 |a Wilson, Ed,  |e author.  |0 http://id.loc.gov/authorities/names/no2013104040 
245 1 0 |a Microsoft® Windows PowerShell™ Step By Step /  |c Wilson, Ed. 
250 |a 1st edition. 
264 1 |b Microsoft Press,  |c 2007. 
300 |a 1 online resource (320 pages) 
336 |a text  |b txt  |2 rdacontent 
337 |a computer  |b c  |2 rdamedia 
338 |a online resource  |b cr  |2 rdacarrier 
347 |a text file 
520 |a Learn Microsoft Windows PowerShell -one step at a time-with practical, hands-on instruction from Microsoft's leading scripting trainer, Ed Wilson. Work at your own pace and build practical system administration skills as you learn how to use Windows PowerShell to administer Microsoft Windows®, Microsoft Exchange, and other Microsoft technologies. You will learn how to write your first Windows PowerShell commands and scripts to automate setup, deployment, and administration. This guide features self-paced learning labs and dozens of adaptable sample scripts you can use on the job. 
533 |a Electronic reproduction.  |b Boston, MA :  |c Safari,  |n Available via World Wide Web.  |d 2007. 
538 |a Mode of access: World Wide Web. 
542 |g 2007 
588 |a Online resource; Title from title page (viewed May 16, 2007) 
500 |a Electronic resource. 
655 7 |a Electronic books.  |2 local 
710 2 |a Safari, an O'Reilly Media Company. 
856 4 0 |u https://proxy.library.tamu.edu/login?url=https://go.oreilly.com/TAMU/library/view/-/9780735623958/?ar  |z Connect to this electronic resource  |t 0 
999 f f |s 2de6ce6a-bef8-3448-be77-5d704acd3698  |i d70c573e-352a-3cb3-95ed-b64b260348cf  |t 0 
952 f f |a Texas A&M University  |b College Station  |c Electronic Resources  |s www_evans  |d Available Online  |t 0  |h No information provided 
998 f f |t 0  |l Available Online